1601 1999 1028 1101 1445 1474 1296 1256 1736 1259 1435 1268 1670 1312 1483 1013 1809 1475 1838 1634 1755 1372 1553 1154 1091 1680 1751 1930 1735 1367 1996 1302 1394 1642 1353 1514 1383 1158 1516 1224 1726 1133 1853 1897 1305 1806 1645 1105 1886 1270 1021 1347 1672 1340 1818 1794 1469 1020 1990 1911 1181 1595 1825 1865 1446 1950 1920 1873 1803 1779 1778 1164 1499 1570 1101 1784 1196 1108 1078 1732 1108 1994 1979 1620 1079 1401 1971 1105 1750 1959 1155 1133 1121 1374 1214 1726 1788 1351 1585 BCNSPRNW ULIB Ver.6.0+V

เปลี่ยนเป็นภาษาไทย

Change to English
 แสดงรายละเอียดบรรณานุกรม
  กลับหน้าหลัก

Brief Record : Get Marc (ISO 2709) : E-mail record : QR code < ปิดหน้าต่าง
LEADER : 00000nam 2200000uu 4500
001    13399126609
003     ULIB
008    190122s2561||||th 000 0 tha d
020    ^a9789740338154
060 04 ^aWS105^bพ262จ
100 0  ^aพรรณทิพย์ ศิริวรรณบุศย์
245 10 ^aจิตวิทยาพัฒนาการ /^cพรรณทิพย์ ศิริวรรณบุศย์
250    ^aพิมพ์ครั้งที่ 1
260    ^aกรุงเทพฯ :^bจุฬาลงกรณ์มหาวิทยาลัย,^c2561
300    ^a175 หน้า
504    ^aบรรณานุกรมท้ายเล่ม
650  7 ^aจิตวิทยา
650  7 ^aจิตวิทยาประยุกต์
650  2 ^aPsychology, Applied
945    ^p190^l0^i004840
945    ^p190^l0^i004845
945    ^p190^l0^i004844
945    ^p190^l0^i004841
945    ^p190^l0^i004842
945    ^p190^l0^i004843
999    ^aประนอม เกษจรัล
รายการนี้ยังไม่มีแท็ก
คุณยังไม่ได้ล็อกอิน คุณสามารถมีกิจกรรมร่วมกับเว็บไซต์ได้ แต่ต้องล็อกอินก่อน ::
  ล็อกอิน

รายการสื่อสารสนเทศ

ลำดับที่ ประเภท เลขเรียก/บาร์โค้ด สถานที่ สถานะ
1. วิทยาศาสตร์การแพทย์ และสุขภาพ
หนังสือสำรอง
สถานะ=หนังสือสำรอง
WS105 พ262จ ฉ.1 
  Barcode: 004840
ห้องสมุดวิทยาเขตสวรรค์ประชารักษ์
►หนังสือทั่วไป
บนชั้น
2. วิทยาศาสตร์การแพทย์ และสุขภาพ
วิทยาศาสตร์การแพทย์ และสุขภาพ
WS105 พ262จ ฉ.2 
  Barcode: 004841
ห้องสมุดวิทยาเขตสวรรค์ประชารักษ์
►หนังสือทั่วไป
บนชั้น
3. วิทยาศาสตร์การแพทย์ และสุขภาพ
วิทยาศาสตร์การแพทย์ และสุขภาพ
WS105 พ262จ ฉ.3 
  Barcode: 004842
ห้องสมุดวิทยาเขตสวรรค์ประชารักษ์
►หนังสือทั่วไป
บนชั้น
4. วิทยาศาสตร์การแพทย์ และสุขภาพ
วิทยาศาสตร์การแพทย์ และสุขภาพ
WS105 พ262จ ฉ.4 
  Barcode: 004843
ห้องสมุดวิทยาเขตสวรรค์ประชารักษ์
►หนังสือทั่วไป
บนชั้น
5. วิทยาศาสตร์การแพทย์ และสุขภาพ
วิทยาศาสตร์การแพทย์ และสุขภาพ
WS105 พ262จ ฉ.5 
  Barcode: 004844
ห้องสมุดวิทยาเขตสวรรค์ประชารักษ์
►หนังสือทั่วไป
ถูกยืม กำหนดส่งวันที่ 22 มีนาคม 2569
  จอง
6. วิทยาศาสตร์การแพทย์ และสุขภาพ
วิทยาศาสตร์การแพทย์ และสุขภาพ
WS105 พ262จ ฉ.6 
  Barcode: 004845
ห้องสมุดวิทยาเขตสวรรค์ประชารักษ์
►หนังสือทั่วไป
บนชั้น

รายการใกล้เคียง
    ผู้แต่ง [พรรณทิพย์ ศิริวรรณบุศย์]

    หัวเรื่อง [จิตวิทยา]
    หัวเรื่อง [จิตวิทยาประยุกต์]
    หัวเรื่อง [Psychology, Applied]

BibComment


ยังไม่เคยถูกคอมเมนท์

คอมเมนท์ทรัพยากรรายการนี้
  คอมเมนท์: จิตวิทยาพัฒนาการ..


 Copyright 2026. Bcnsprnw @Library